Visual Basic.Net (Record no. 11350)
[ view plain ]
| 000 -LEADER | |
|---|---|
| fixed length control field | 00599nam a22001697a 4500 |
| 005 - DATE AND TIME OF LATEST TRANSACTION | |
| control field | 20260219014128.0 |
| 008 - FIXED-LENGTH DATA ELEMENTS--GENERAL INFORMATION | |
| fixed length control field | 260219b |||||||| |||| 00| 0 eng d |
| 020 ## - INTERNATIONAL STANDARD BOOK NUMBER | |
| International Standard Book Number | 9812471383 |
| 040 ## - CATALOGING SOURCE | |
| Transcribing agency | jhcsc |
| 082 ## - DEWEY DECIMAL CLASSIFICATION NUMBER | |
| Edition number | 2 |
| Classification number | 005.13 |
| 100 ## - MAIN ENTRY--PERSONAL NAME | |
| 9 (RLIN) | 10163 |
| Personal name | Carllo Bambino Q. Bacon | Grace S. Taradao | Onie B. Victoriano |
| Relator term | Author |
| 245 ## - TITLE STATEMENT | |
| Title | Visual Basic.Net |
| Remainder of title | How to Program |
| Statement of responsibility, etc. | Carllo Bambino Q. Bacon | Grace S. Taradao | Onie B. Victoriano |
| 250 ## - EDITION STATEMENT | |
| Edition statement | Second Edition |
| 260 ## - PUBLICATION, DISTRIBUTION, ETC. | |
| Place of publication, distribution, etc. | Singapore |
| Name of publisher, distributor, etc. | Pearson Education South Asia Pte Ltd. |
| Date of publication, distribution, etc. | c2004 |
| 300 ## - PHYSICAL DESCRIPTION | |
| Extent | LIV, 1517p |
| Other physical details | ill. |
| 942 ## - ADDED ENTRY ELEMENTS (KOHA) | |
| Source of classification or shelving scheme | Dewey Decimal Classification |
| Koha item type | Book |
| Edition | Second Edition |
| Withdrawn status | Lost status | Source of classification or shelving scheme | Damaged status | Not for loan | Collection code | Home library | Current library | Shelving location | Date acquired | Total Checkouts | Full call number | Barcode | Date last seen | Price effective from | Koha item type |
|---|---|---|---|---|---|---|---|---|---|---|---|---|---|---|---|
| Dewey Decimal Classification | Information Technology | JHCSC - Canuto MS Enero Campus Library | JHCSC - Canuto MS Enero Campus Library | Circulation | 10/14/2013 | 005.13 D324 2004 | 2013-1373 c | 02/19/2026 | 02/19/2026 | Book |